000 01017nam a2200265Ia 4500
003 OSt
005 20221005104204.0
006 a|||||r|||| 00| 0
007 ta
008 221004b |||||||| |||| 00| 0 hin d
020 _a9789380318424 (hbk)
_c300
024 _a22321
037 _b63, 27/01/2015, Motilal Banarsidass Publishers Pvt. Ltd.
_cTextual
040 _aCRL
_cCRL
_bhin
041 _2hin
_ahin
082 _aO15:gxE55:g, 152Q3
100 _aराजेन्द्र कुमार
245 0 _aराजा भोज
246 _aRājā bhoja
260 _aदिल्ली
_bनेहा पब्लिशर्स एंड डिस्ट्रीब्यूटर्स भारत
_c2013
300 _a160पृ0
_ccm.
650 _aसंस्कृत साहित्य
942 _hO15:gxE55:g, 152Q3
_cTEXL
_2cc
999 _c1011983
_d1011983